zpět

Detail výsledku týmu

Pivovar Tahoun, Všejany

Datum a čas kvízu

25.5 Celkem bodů Celkový počet nahraných bodů na tomto kvízu bez doplňovacích otázek.
7. Pořadí na kvízu Konečné umístění týmu na tomto kvízu.

Zaznamenané odpovědi

# Otázka Odpověď Body Výsledky
1. Minulý týden jsme se dozvěděli... Wendy's 1
2. Ve středu večer způsobil jeden... D) tráva 0
3. V úterý jsme se dozvěděli, že... Queens of the Stone Age 1
4. Čínské úřady tento týden přist... A) hadů 0
5. Která 34letá úspěšná česká spo... Petra Kvitová 1
6. Ve kterých dvou variantách se... C 1
7. Ze kterého prostředí pochází k... A 1
8. Kterým jedenáctipísmenným slov... hipoterapie 1
9. Kam byste správně koni umístil... A 1
10. Koně jsou s člověkem spojení j... Moravskoslezský kraj 0